| 000 | 01491pam a2200445 ia4500 | ||
|---|---|---|---|
| 999 |
_c173523 _d173523 |
||
| 001 | vtls000779582 | ||
| 003 | PNM | ||
| 005 | 20190717120448.0 | ||
| 008 | 150812s2016 my ao j 001 0 may | ||
| 015 | _aM16-12930 | ||
| 020 |
_a9789674600426 _qset |
||
| 020 |
_a9789674600457 _qpaperback _cRM15.00 |
||
| 039 | 9 |
_a201802141005 _birfah _c201802121210 _dhazwani _c201707031444 _danis_o _c201610241626 _dn_shuhada |
|
| 040 |
_aBNM _beng _cBNM _dPPAK _erda |
||
| 041 | 1 |
_amay _heng |
|
| 049 | _aklpmal | ||
| 082 | 0 | 4 |
_a720.483 _223 |
| 090 | 0 | 0 |
_a720.483 _bPRI _dK |
| 100 | 1 |
_aPrice, Sean Stewart, _eauthor. |
|
| 245 | 1 | 0 |
_aKISAH DI SEBALIK PENCAKAR LANGIT / _cSean Stewart Price ; Penterjemah Mansor Suleman |
| 246 | 3 | 3 |
_iTranslation of: _aTrue stories : _bthe story behind skyscraper |
| 264 | 1 |
_aKuala Lumpur : _bInstitut Terjemahan & Buku Malaysia, _c2016 |
|
| 300 |
_a32 pages : _bcolour photographs, colour illustrations ; _c27 cm. |
||
| 336 |
_atext _2rdacontent |
||
| 337 |
_aunmediated _2rdamedia |
||
| 338 |
_avolume _2rdacarrier |
||
| 490 | 1 | _aKISAH BENAR | |
| 500 | _aIncludes index | ||
| 504 | _aBibliography: page 31 | ||
| 650 | 1 | 0 |
_aSkyscrapers _vJuvenile literature |
| 650 | 2 | 0 | _aSkyscrapers |
| 700 | 0 |
_aMansor Suleman, _etranslator. |
|
| 830 | 0 | _aKisah benar | |
| 942 |
_2ddc _cB |
||
| 949 |
_62000063286 _a720.483 PRI M |
||
| 949 |
_62000063296 _a720.483 PRI M |
||
| 949 |
_61001302107 _e2476214 |
||
| 949 |
_61001302108 _e2476215 |
||
| 949 |
_61001302109 _e2476216 |
||